000 00618nam a2200241Ia 4500
003 OSt
005 20220924151031.0
006 a|||||r|||| 00| 0
007 ta
008 220923b |||||||| |||| 00| 0 tel d
020 _c2.00
024 _a335688
037 _cTextual
040 _aARTS
_cARTS
_btel
041 _2tel
_atel
082 _a035,3NHA,A, K8
100 _aRao Korrapati Gangadhara Au.
_9191503
245 0 _aAham anartham
260 _c1968
650 _aTELUGU FICTION
942 _h035,3NHA,A, K8
_cTEXL
_2CC
999 _c465300
_d465300